MARC

LEADER 00000nam0a2200000 4500
001 374279
005 20231102012634.0
035 |a (RuTPU)RU\TPU\retro\31713 
035 |a RU\TPU\book\271127 
090 |a 374279 
100 |a 20221219d1988 k y0rusy50 ca 
101 0 |a rus 
102 |a RU 
105 |a a z 000zy 
200 1 |a Измерение параметров преобразователей и материалов для акустооптической и оптоэлектронной аппаратуры  |e сборник научных трудов  |f Всесоюзный научно-исследовательский институт физико-технических и радиотехнических измерений (ВНИИФТРИ) ; отв. за вып. В. И. Пустовойт, З. А. Магомедов 
210 |a Москва  |c Изд-во ВНИИФТРИ  |d 1988 
215 |a 103 с.  |c ил. 
606 1 |a Соединители низкочастотные низковольтные  |x Радиоэлектроника  |2 stltpush  |3 (RuTPU)RU\TPU\subj\55454  |9 73486 
610 1 |a параметры 
610 1 |a преобразователи 
610 1 |a акустооптические устройства 
610 1 |a оптоэлектронные приборы 
610 1 |a оптико-электронные преобразователи 
610 1 |a измерение 
675 |a 621.37/.39  |v 3 
702 1 |a Пустовойт  |b В. И.  |4 540 
702 1 |a Магомедов  |b З. А.  |4 540 
712 0 2 |a Всесоюзный научно-исследовательский институт физико-технических и радиотехнических измерений (ВНИИФТРИ)  |c (п. Менделеево, Московская область)  |2 stltpush  |3 (RuTPU)RU\TPU\col\12883 
801 1 |a RU  |b 63413507  |c 20140110 
801 2 |a RU  |b 63413507  |c 20221219  |g RCR 
942 |c BK